[Event "Hessen-ch Gr-C 62nd"]
[Site "Hanau"]
[Date "2008.03.21"]
[Round "5"]
[White "Iwanziw, Niklas"]
[Black "Rompel, Michael"]
[Result "1-0"]
[WhiteElo "1820"]
[BlackElo "1981"]
[PlyCount "53"]
[EventDate "2008.03.19"]
[EventType "swiss"]
[EventRounds "7"]
[EventCountry "GER"]
[SourceTitle "CBM 123 Extra"]
[Source "ChessBase"]
[SourceDate "2008.05.06"]
[SourceVersion "1"]
[SourceVersionDate "2008.05.06"]
[SourceQuality "1"]

1. d4 d5 2. Nf3 e6 3. c4 c6 4. g3 Bd6 5. Qc2 f5 6. b3 Qe7 7. Bb2 Nf6 8. Nbd2 0-0 9. Bg2 Nbd7 10. 0-0 Ne4 11. Ne5 Ndf6 12. f3 Nxd2 13. Qxd2 Bd7 14. Rfe1 Be8 15. e4 fxe4 16. fxe4 dxe4 17. Qe3 Rd8 18. Bxe4 Bxe5 19. dxe5 Ng4 20. Qxa7 Rd2 21. Ba3 Qg5 22. Bxf8 Rxh2 23. Qc5 Qd2 24. Bxg7 Kxg7 25. Rad1 Qc3 26. Qe7+ Kh6 27. Qxe6+ 1-0

[Event "Hessen-ch Gr-C 62nd"]
[Site "Hanau"]
[Date "2008.03.19"]
[Round "1"]
[White "Overbeck, Christopher"]
[Black "Rompel, Michael"]
[Result "1-0"]
[WhiteElo "1816"]
[BlackElo "1981"]
[PlyCount "87"]
[EventDate "2008.03.19"]
[EventType "swiss"]
[EventRounds "7"]
[EventCountry "GER"]
[SourceTitle "CBM 123 Extra"]
[Source "ChessBase"]
[SourceDate "2008.05.06"]
[SourceVersion "1"]
[SourceVersionDate "2008.05.06"]
[SourceQuality "1"]

1. d4 d5 2. Nf3 e6 3. g3 Bd6 4. c4 c6 5. Bg2 Nd7 6. Qd3 f5 7. 0-0 Ngf6 8. b3 0-0 9. Ba3 Qe7 10. Bxd6 Qxd6 11. Nc3 Ne4 12. Rfd1 Ndf6 13. c5 Qc7 14. Ne5 Bd7 15. b4 Rad8 16. Rdb1 Rde8 17. Rb3 Re7 18. a4 Be8 19. b5 Nxc5 20. dxc5 Qxe5 21. bxc6 Bxc6 22. Rab1 Qc7 23. Nb5 Qa5 24. Nd6 Rb8 25. Qe3 Qc7 26. Rb4 Ne8 27. Qf4 Qd8 28. Nb5 Bxb5 29. Rxb5 Qc7 30. Qb4 Nf6 31. a5 Qc6 32. a6 Qxa6 33. Ra5 Qc6 34. Rxa7 Rc7 35. Bf3 Nd7 36. Ra5 Nxc5 37. Rc1 b6 38. Raxc5 Qxc5 39. Rxc5 Rxc5 40. e3 Rc1+ 41. Kg2 Rb7 42. Qd6 b5 43. Qxe6+ Rf7 44. Qe8+ 1-0

[Event "Hessen-ch qual-C"]
[Site "Erlensee"]
[Date "2007.04.06"]
[Round "4"]
[White "Geringer, Waldemar"]
[Black "Rompel, Michael"]
[Result "1-0"]
[WhiteElo "1886"]
[BlackElo "2051"]
[PlyCount "77"]
[EventDate "2007.04.04"]
[EventType "swiss"]
[EventRounds "7"]
[EventCountry "GER"]
[SourceTitle "CBM 117 Extra"]
[Source "ChessBase"]
[SourceDate "2007.05.09"]
[SourceVersion "1"]
[SourceVersionDate "2007.05.09"]
[SourceQuality "1"]

1. d4 d5 2. Nf3 e6 3. c4 c6 4. g3 Bd6 5. Bg2 f5 6. c5 Bc7 7. 0-0 Nd7 8. Bf4 Ngf6 9. Ng5 Nf8 10. Qc2 Ng6 11. Bxc7 Qxc7 12. Nd2 0-0 13. f4 Re8 14. Ngf3 b6 15. b4 Ba6 16. Nb3 Ne4 17. Ne5 Ne7 18. Rfc1 Rac8 19. Bf3 Qd8 20. a4 Rf8 21. e3 g5 22. Qg2 g4 23. Be2 Bxe2 24. Qxe2 Rc7 25. b5 Qe8 26. cxb6 axb6 27. a5 bxa5 28. b6 Rb7 29. Qa6 Qa8 30. Rxa5 Qb8 31. Nxc6 Nxc6 32. Rxc6 Rc8 33. Rxc8+ Qxc8 34. Nc5 Nd6 35. Ra1 Rb8 36. Qxc8+ Nxc8 37. b7 Ne7 38. Ra8 Nc6 39. Nd7 1-0

[Event "Hessen-ch qual-C"]
[Site "Erlensee"]
[Date "2007.04.06"]
[Round "5"]
[White "Rompel, Michael"]
[Black "Storkebaum, Ulrike"]
[Result "0-1"]
[WhiteElo "2051"]
[BlackElo "1930"]
[PlyCount "66"]
[EventDate "2007.04.04"]
[EventType "swiss"]
[EventRounds "7"]
[EventCountry "GER"]
[SourceTitle "CBM 117 Extra"]
[Source "ChessBase"]
[SourceDate "2007.05.09"]
[SourceVersion "1"]
[SourceVersionDate "2007.05.09"]
[SourceQuality "1"]

1. d4 Nf6 2. c3 g6 3. e3 Bg7 4. Bd3 0-0 5. Nd2 d6 6. f4 Bg4 7. Ngf3 Nbd7 8. 0-0 e5 9. h3 Bxf3 10. Qxf3 Rb8 11. Nc4 Qe7 12. Bd2 e4 13. Qe2 exd3 14. Qxd3 b5 15. Na5 Qe4 16. Qe2 Nh5 17. Rf3 f5 18. Be1 Rfe8 19. g3 c5 20. dxc5 dxc5 21. Nb3 c4 22. Nd4 Nc5 23. Rd1 Nd3 24. Qf1 Nxb2 25. Bd2 Nxd1 26. Qxd1 Nf6 27. a4 bxa4 28. Qxa4 Rb1+ 29. Kf2 Qd3 30. Be1 Ne4+ 31. Kg2 Reb8 32. Rf1 R8b2+ 33. Kg1 Qxe3+ 0-1

[Event "Hessen-ch qual-C"]
[Site "Erlensee"]
[Date "2007.04.04"]
[Round "1"]
[White "Rompel, Michael"]
[Black "Radtke, Thoralf"]
[Result "1-0"]
[WhiteElo "2051"]
[BlackElo "1718"]
[PlyCount "77"]
[EventDate "2007.04.04"]
[EventType "swiss"]
[EventRounds "7"]
[EventCountry "GER"]
[SourceTitle "CBM 117 Extra"]
[Source "ChessBase"]
[SourceDate "2007.05.09"]
[SourceVersion "1"]
[SourceVersionDate "2007.05.09"]
[SourceQuality "1"]

1. d4 e6 2. c3 f5 3. e3 Nf6 4. f4 b6 5. Nf3 Bb7 6. Bd3 Be7 7. Qe2 c5 8. Nbd2 Nc6 9. 0-0 cxd4 10. exd4 Bd6 11. Nc4 Bc7 12. Bxf5 0-0 13. Bd3 Nd5 14. Bxh7+ Kxh7 15. Ng5+ Kh6 16. f5 Bf4 17. Rxf4 Nxf4 18. Bxf4 Qe7 19. Nxe6+ Kh7 20. Qh5+ Kg8 21. Ng5 g6 22. Qxg6+ Qg7 23. Qxg7+ Kxg7 24. g4 Ne7 25. Bd6 Rfe8 26. Be5+ Kh6 27. Nf7+ Kh7 28. Nfd6 Rg8 29. Nxb7 Rxg4+ 30. Kf2 Nxf5 31. Rg1 Rh4 32. Nbd6 Rf8 33. Ke2 Kh6 34. Nxf5+ Rxf5 35. Rg2 Rg5 36. Rf2 Rg6 37. Rf7 d5 38. Ne3 Re4 39. Kf3 1-0

[Event "Hessen-chA"]
[Site "Marburg"]
[Date "2006.04.09"]
[Round "2.1"]
[White "Rompel, Michael"]
[Black "Gramlich, Sebastian"]
[Result "0-1"]
[WhiteElo "2068"]
[BlackElo "2122"]
[PlyCount "134"]
[EventDate "2006.04.08"]
[EventType "swiss"]
[EventRounds "9"]
[EventCountry "GER"]
[SourceTitle "EXT 2007"]
[Source "ChessBase"]
[SourceDate "2006.11.23"]
[SourceVersion "1"]
[SourceVersionDate "2006.11.23"]
[SourceQuality "1"]

1. d4 d5 2. c3 Nc6 3. f4 f6 4. e3 a6 5. Bd3 Nh6 6. Qc2 g6 7. Nf3 Bg7 8. c4 0-0 9. cxd5 Nb4 10. Qb3 Nxd3+ 11. Qxd3 Qxd5 12. Nc3 Qd6 13. 0-0 Bf5 14. e4 Be6 15. Bd2 Rad8 16. Rad1 b5 17. b3 Qb6 18. Kh1 c6 19. Be3 Qb7 20. Qc2 Rc8 21. Rd3 Rfd8 22. Rfd1 Bg4 23. Qf2 f5 24. e5 Bxf3 25. Qxf3 e6 26. h3 Rd7 27. Bf2 Kh8 28. Rc1 Ng8 29. Ne2 Ne7 30. Qe3 Nd5 31. Qd2 Bf8 32. Qb2 Qb6 33. Be1 Be7 34. Bd2 Kg8 35. Ng1 Kf7 36. Nf3 Rdc7 37. b4 Qb7 38. Ne1 Nb6 39. Qb3 Rd7 40. Bc3 Nd5 41. Rf3 Rcd8 42. Rd1 h5 43. a3 Qa7 44. Nc2 Rc8 45. Na1 Bd8 46. Qc2 Bb6 47. Nb3 Rcd8 48. Bb2 Rc8 49. Rc1 a5 50. bxa5 Bxa5 51. Qf2 Rdd8 52. Qh4 Bb6 53. Qg5 Qe7 54. Qg3 Rg8 55. Qf2 g5 56. fxg5 Qxg5 57. Rc2 h4 58. Bc1 Qh5 59. Qe1 Rg3 60. Rxg3 hxg3 61. Bd2 f4 62. Rc1 Qf5 63. Qe2 Rh8 64. Rf1 Ke7 65. Bc1 Nc3 66. Qd2 Qe4 67. Kg1 Ne2+ 0-1

[Event "Hessen-ch MVT"]
[Site "Offenbach"]
[Date "2005.04.03"]
[Round "9"]
[White "Orwatsch, Gerhard"]
[Black "Rompel, Michael"]
[Result "1-0"]
[WhiteElo "2122"]
[BlackElo "2105"]
[PlyCount "88"]
[EventDate "2005.03.28"]
[EventType "swiss"]
[EventRounds "9"]
[EventCountry "GER"]
[SourceTitle "EXT 2006"]
[Source "ChessBase"]
[SourceDate "2005.11.24"]
[SourceVersion "1"]
[SourceVersionDate "2005.11.24"]
[SourceQuality "1"]

1. d4 d5 2. Nf3 e6 3. Bf4 f5 4. e3 Nf6 5. Nbd2 Be7 6. h3 0-0 7. Be2 Ne4 8. 0-0 Nd7 9. Ne5 Qe8 10. Nxd7 Qxd7 11. Nf3 b6 12. Ne5 Qe8 13. c4 Bb7 14. Rc1 Rc8 15. f3 Nf6 16. c5 bxc5 17. dxc5 Bc6 18. b4 Bb5 19. Nd3 Nd7 20. a4 Bc4 21. c6 Nf6 22. b5 Kh8 23. Ne5 Bxe2 24. Qxe2 Bd6 25. g4 fxg4 26. hxg4 d4 27. exd4 Rd8 28. Qh2 Nd5 29. Bg5 Ra8 30. Kg2 Rf6 31. Rh1 Qg8 32. Qh5 Bxe5 33. dxe5 Nf4+ 34. Bxf4 Rxf4 35. Rcd1 g6 36. Qg5 Raf8 37. Rh3 Rxa4 38. Rd7 Ra2+ 39. Kg3 Rf7 40. Rd8 Rf8 41. Rxf8 Qxf8 42. Qxg6 Qe7 43. Rh6 a6 44. bxa6 Qh4+ 1-0